| 000 | 00876nam a2200229 a 4500 | ||
|---|---|---|---|
| 999 |
_c7610 _d7610 |
||
| 001 | 7610 | ||
| 003 | BD-JhCC | ||
| 005 | 20181006165640.0 | ||
| 008 | 180212b2013 bg a|||| ||a| 000 0 ben d | ||
| 035 | _a(BD-JhCC) 7610 | ||
| 040 |
_aBD-JhCC _dBD-JhCC |
||
| 041 | _aben | ||
| 082 |
_bALI 2013 _a519.5 |
||
| 100 | _aআলী, প্রফেসর মোঃ আকবর | ||
| 245 |
_aপরিসংখ্যান প্রথম পত্র একাদশ-দ্বাদশ শ্রেণি / _cপ্রফেসর মোঃ আকবর আলী, প্রফেসর ড.মোঃ মোস্তফ আকবর |
||
| 260 |
_aঢাকা : _bনতুনধারা , _c2013 |
||
| 300 |
_a298 p .: _c24 cm . |
||
| 650 | _aStatistics | ||
| 700 | _aআকবর, প্রফেসর ড.মোঃ মোস্তফ | ||
| 942 |
_2ddc _cBK |
||